[Event "Madrid ch 2017-2018 Veteranos"]
[Site "Madrid ESP"]
[Date "2018.01.10"]
[Round "3.11"]
[White "Marcos Herrero, Francisco"]
[Black "Martinez Pintor, Juan"]
[Result "1/2-1/2"]
[WhiteElo "1876"]
[BlackElo "1661"]
[PlyCount "102"]
[EventDate "2018.01.08"]
[EventType "swiss"]
[EventRounds "9"]
[EventCountry "ESP"]
[SourceTitle "Ajedrez en Madrid"]
[Source "lmi"]
[SourceDate "2018.01.08"]
[SourceVersion "1"]
[SourceVersionDate "2018.01.25"]
[SourceQuality "1"]

1. Nf3 d5 2. c4 c6 3. b3 Bf5 4. Bb2 e6 5. d3 Nd7 6. g3 h6 7. Bg2 Ngf6 8. Nbd2
Bd6 9. O-O O-O 10. Rc1 Qa5 11. a3 Rab8 12. b4 Qd8 13. Rc2 c5 14. cxd5 exd5 15.
Nh4 Bh7 16. bxc5 Bxc5 17. Nb3 Bd6 18. Qa1 Re8 19. Rfc1 Be5 20. Nd4 Nb6 21. Nhf3
Bd6 22. Nb5 Bf8 23. Be5 Rc8 24. Nxa7 Rxc2 25. Rxc2 Qa8 26. Nb5 Qa4 27. Rb2 Qa5
28. Bh3 Nfd7 29. Bc7 f5 30. Nd6 Bxd6 31. Bxd6 Qc3 32. Qb1 Qf6 33. Bf4 g5 34.
Be3 Rxe3 35. fxe3 g4 36. Rb4 gxf3 37. exf3 Bg6 38. Qc1 Ne5 39. Qd1 Qc6 40. d4
Nec4 41. Rb3 Qa4 42. Qd3 Kh7 43. Bxf5 Bxf5 44. Qxf5+ Kg7 45. Rd3 Qc2 46. g4 Nb2
47. g5 Qxd3 48. Qf6+ Kg8 49. Qd8+ Kg7 50. Qf6+ Kg8 51. Qd8+ Kg7 1/2-1/2

[Event "Madrid ch 2017-2018 Veteranos"]
[Site "Madrid ESP"]
[Date "2018.01.10"]
[Round "3.12"]
[White "Lopez Heras, Arturo"]
[Black "Rodriguez Bachiller, Luis"]
[Result "1/2-1/2"]
[WhiteElo "1859"]
[BlackElo "1634"]
[PlyCount "70"]
[EventDate "2018.01.08"]
[EventType "swiss"]
[EventRounds "9"]
[EventCountry "ESP"]
[SourceTitle "Ajedrez en Madrid"]
[Source "lmi"]
[SourceDate "2018.01.08"]
[SourceVersion "1"]
[SourceVersionDate "2018.01.25"]
[SourceQuality "1"]

1. d4 Nf6 2. c4 e6 3. Nc3 c6 4. Bg5 Be7 5. Nf3 O-O 6. e3 b6 7. Bd3 h6 8. Bh4 d5
9. Ne5 Bb7 10. cxd5 cxd5 11. O-O Nbd7 12. f4 Ne4 13. Bxe7 Qxe7 14. Rc1 Ndf6 15.
Nb5 Ne8 16. Qa4 a6 17. Nc3 b5 18. Qd1 N8d6 19. Qe2 Rac8 20. a4 Nxc3 21. bxc3
bxa4 22. Bxa6 Bxa6 23. Qxa6 Ra8 24. Qd3 Qc7 25. Rf2 Ne4 26. Rfc2 f5 27. c4 dxc4
28. Rxc4 Qa5 29. Ra1 Qb5 30. Rb1 Qa5 31. h3 Qd2 32. Rc2 Qxd3 33. Nxd3 a3 34.
Ra1 Rfb8 35. Nc5 Nxc5 1/2-1/2

[Event "Madrid ch 2017-2018 Veteranos"]
[Site "Madrid ESP"]
[Date "2018.01.10"]
[Round "3.14"]
[White "Rueda Maria, Ramiro"]
[Black "De Los Rios Camacho, Juan Antoni"]
[Result "0-1"]
[WhiteElo "1827"]
[BlackElo "1624"]
[PlyCount "62"]
[EventDate "2018.01.08"]
[EventType "swiss"]
[EventRounds "9"]
[EventCountry "ESP"]
[SourceTitle "Ajedrez en Madrid"]
[Source "lmi"]
[SourceDate "2018.01.08"]
[SourceVersion "1"]
[SourceVersionDate "2018.01.25"]
[SourceQuality "1"]

1. c4 c5 2. Nc3 Nc6 3. g3 g6 4. Bg2 Bg7 5. Nf3 e5 6. d3 Nge7 7. O-O O-O 8. a3
a5 9. Bd2 d6 10. Rb1 Be6 11. Qc1 d5 12. cxd5 Nxd5 13. Nxd5 Qxd5 14. Be3 c4 15.
Ng5 Nd4 16. Bxd4 Qxd4 17. Nxe6 fxe6 18. Qxc4 Qd7 19. Qb3 Rab8 20. Rbc1 a4 21.
Qb6 Rf7 22. Be4 Bf8 23. Rc4 Bd6 24. Qa5 Kg7 25. Rfc1 b6 26. Qa6 Bc5 27. Bf3
Rbf8 28. Kg2 Rxf3 29. exf3 Qxd3 30. R1c3 Qe2 31. Rxc5 Qxa6 0-1

[Event "Madrid ch 2017-2018 Veteranos"]
[Site "Madrid ESP"]
[Date "2018.01.10"]
[Round "3.16"]
[White "Ramos Antona, Enrique"]
[Black "Minguela Muñoz, Bienvenido"]
[Result "0-1"]
[WhiteElo "1608"]
[BlackElo "1819"]
[PlyCount "98"]
[EventDate "2018.01.08"]
[EventType "swiss"]
[EventRounds "9"]
[EventCountry "ESP"]
[SourceTitle "Ajedrez en Madrid"]
[Source "lmi"]
[SourceDate "2018.01.08"]
[SourceVersion "1"]
[SourceVersionDate "2018.01.25"]
[SourceQuality "1"]

1. d4 Nf6 2. c4 g6 3. Nc3 Bg7 4. e4 d6 5. Be2 O-O 6. Bg5 c6 7. Qd2 Qa5 8. Nf3
Re8 9. O-O Nbd7 10. h3 e5 11. d5 cxd5 12. cxd5 Nc5 13. Bxf6 Bxf6 14. Rab1 Qd8
15. b4 Nd7 16. Rfc1 a6 17. Rb3 Bg7 18. Bd3 Nf6 19. Ne2 Nxd5 20. Ng3 Nf4 21. Bf1
Be6 22. Rbc3 Rc8 23. Rxc8 Bxc8 24. Bc4 Qf6 25. Kh2 Nxh3 26. gxh3 Qxf3 27. Rc3
Qf4 28. Qe2 Qh4 29. Qf1 Bh6 30. Qg2 Bf4 31. Bd5 Qe7 32. Kh1 Bxg3 33. fxg3 Be6
34. Qc2 Bxd5 35. exd5 Qd7 36. Kg2 Re7 37. g4 Qb5 38. a3 Qxd5+ 39. Kg3 Qe6 40.
Qf2 e4 41. g5 d5 42. Qf6 Qxf6 43. gxf6 Re8 44. Rc7 e3 45. Re7 Kf8 46. Kf3 Rxe7
47. fxe7+ Kxe7 48. Kxe3 Kd6 49. Kf4 f5 0-1

[Event "Madrid ch 2017-2018 Veteranos"]
[Site "Madrid ESP"]
[Date "2018.01.10"]
[Round "3.17"]
[White "Cupeiro Fernandez, Manuel"]
[Black "Losada Gonzalez, Andres"]
[Result "0-1"]
[WhiteElo "1552"]
[BlackElo "1807"]
[PlyCount "64"]
[EventDate "2018.01.08"]
[EventType "swiss"]
[EventRounds "9"]
[EventCountry "ESP"]
[SourceTitle "Ajedrez en Madrid"]
[Source "lmi"]
[SourceDate "2018.01.08"]
[SourceVersion "1"]
[SourceVersionDate "2018.01.25"]
[SourceQuality "1"]

1. e4 c5 2. Nf3 d6 3. Bc4 a6 4. a3 e6 5. O-O Nf6 6. d3 Nc6 7. h3 Be7 8. c3 O-O
9. Bf4 d5 10. exd5 exd5 11. Ba2 d4 12. Ne5 Nd5 13. Nxc6 bxc6 14. Bxd5 Qxd5 15.
c4 Qf5 16. Qf3 Bd7 17. Nd2 g5 18. g4 Qg6 19. Bg3 f5 20. Qe2 Rae8 21. gxf5 Bxf5
22. Ne4 Bxh3 23. Rfe1 h5 24. Kh2 Bg4 25. Qf1 h4 26. Bc7 Qf5 27. Qg2 Bf3 28. Qh3
g4 29. Qf1 Rc8 30. Nd6 Qf4+ 31. Kg1 Bxd6 32. Bxd6 Qxd6 0-1

[Event "Madrid ch 2017-2018 Veteranos"]
[Site "Madrid ESP"]
[Date "2018.01.10"]
[Round "3.18"]
[White "Hernandez Gutierrez, Jose"]
[Black "Bellagamba, Pascal"]
[Result "1-0"]
[WhiteElo "1803"]
[BlackElo "1596"]
[PlyCount "90"]
[EventDate "2018.01.08"]
[EventType "swiss"]
[EventRounds "9"]
[EventCountry "ESP"]
[SourceTitle "Ajedrez en Madrid"]
[Source "lmi"]
[SourceDate "2018.01.08"]
[SourceVersion "1"]
[SourceVersionDate "2018.01.25"]
[SourceQuality "1"]

1. d4 Nf6 2. Nf3 g6 3. g3 Bg7 4. Bg2 d6 5. c4 c6 6. Nc3 Bf5 7. Nh4 Bc8 8. O-O
Nbd7 9. h3 h6 10. e4 e5 11. Nf3 a6 12. Be3 O-O 13. Qc2 Kh7 14. Rad1 Qe7 15.
Rfe1 Rb8 16. b4 Rd8 17. c5 Ne8 18. cxd6 Nxd6 19. dxe5 Nxe5 20. Nxe5 Bxe5 21.
Bb6 Rd7 22. Na4 Nb5 23. Nc5 Rxd1 24. Rxd1 Be6 25. a4 Nd4 26. Qd3 Re8 27. f4 Bh8
28. e5 Nf5 29. g4 Nh4 30. Be4 f5 31. exf6 Bxf6 32. Qd6 Bc8 33. Qc7 Kg7 34.
Qxe7+ Rxe7 35. Bd8 Re8 36. Bxf6+ Kxf6 37. a5 g5 38. Rd6+ Kg7 39. f5 Rf8 40. Kh2
Rf6 41. Rd8 Rf8 42. Rd1 Re8 43. Kg3 Kf6 44. Rd6+ Kg7 45. Kf2 Rf8 1-0

[Event "Madrid ch 2017-2018 Veteranos"]
[Site "Madrid ESP"]
[Date "2018.01.10"]
[Round "3.19"]
[White "Beekhof Harmsen, Willen"]
[Black "Cruz Gonzalez, Antonio"]
[Result "0-1"]
[WhiteElo "1543"]
[BlackElo "1766"]
[PlyCount "92"]
[EventDate "2018.01.08"]
[EventType "swiss"]
[EventRounds "9"]
[EventCountry "ESP"]
[SourceTitle "Ajedrez en Madrid"]
[Source "lmi"]
[SourceDate "2018.01.08"]
[SourceVersion "1"]
[SourceVersionDate "2018.01.25"]
[SourceQuality "1"]

1. d4 Nf6 2. Nf3 g6 3. Bf4 d6 4. h3 Bg7 5. e3 O-O 6. Bd3 c5 7. c3 Nbd7 8. O-O
Nh5 9. Bh2 f5 10. g4 fxg4 11. hxg4 Nhf6 12. Ng5 Nb6 13. Qb3+ c4 14. Bxc4+ Nxc4
15. Qxc4+ d5 16. Qb3 Nxg4 17. Bg3 e6 18. Nh3 Qf6 19. Nd2 b6 20. Rae1 Ba6 21.
Qd1 Bxf1 22. Rxf1 h5 23. Qe2 Rac8 24. f3 Nh6 25. e4 Rce8 26. Qe3 Nf7 27. f4 Bh6
28. Qf2 g5 29. e5 Qf5 30. Qg2 gxf4 31. Bh4+ Qg4 32. Qxg4+ hxg4 33. Nxf4 Ng5 34.
Nh5 Rxf1+ 35. Nxf1 Rf8 36. Nf6+ Rxf6 37. Kg2 Rg6 38. Nh2 Ne4 39. Be7 Bc1 40. c4
Bxb2 41. cxd5 exd5 42. Nxg4 Rxg4+ 43. Kf3 Rg3+ 44. Kf4 Kf7 45. Bh4 Rd3 46. Kf5
Bxd4 0-1

[Event "Madrid ch 2017-2018 Veteranos"]
[Site "Madrid ESP"]
[Date "2018.01.10"]
[Round "3.20"]
[White "Rodriguez Bernal, Herman"]
[Black "Salgado Duarte, Pablo"]
[Result "1-0"]
[WhiteElo "1744"]
[BlackElo "1522"]
[PlyCount "61"]
[EventDate "2018.01.08"]
[EventType "swiss"]
[EventRounds "9"]
[EventCountry "ESP"]
[SourceTitle "Ajedrez en Madrid"]
[Source "lmi"]
[SourceDate "2018.01.08"]
[SourceVersion "1"]
[SourceVersionDate "2018.01.25"]
[SourceQuality "1"]

1. d4 d5 2. Bf4 Nf6 3. Nf3 Nc6 4. e3 e6 5. c3 h6 6. h4 Bd6 7. Ne5 Bd7 8. Bd3
Bxe5 9. dxe5 Ng8 10. Nd2 Nge7 11. h5 Nc8 12. Qg4 Kf8 13. Rh3 f5 14. exf6 Qxf6
15. Rf3 Kg8 16. Bd6 Qxf3 17. gxf3 Nxd6 18. O-O-O Ne5 19. Qd4 Ndf7 20. Bc2 Bb5
21. Rg1 Kf8 22. Qc5+ Nd6 23. Qxc7 Nef7 24. f4 Rc8 25. Qa5 a6 26. Qb4 Ke8 27.
Rxg7 Be2 28. Bg6 Rc7 29. f3 Nc4 30. Nxc4 dxc4 31. Qd6 1-0

[Event "Madrid ch 2017-2018 Veteranos"]
[Site "Madrid ESP"]
[Date "2018.01.10"]
[Round "3.21"]
[White "Hernandez Garcia, Carlos"]
[Black "Martin Garcia, Francisco Javier"]
[Result "1-0"]
[WhiteElo "1727"]
[BlackElo "1487"]
[PlyCount "63"]
[EventDate "2018.01.08"]
[EventType "swiss"]
[EventRounds "9"]
[EventCountry "ESP"]
[SourceTitle "Ajedrez en Madrid"]
[Source "lmi"]
[SourceDate "2018.01.08"]
[SourceVersion "1"]
[SourceVersionDate "2018.01.25"]
[SourceQuality "1"]

1. e4 c5 2. Nf3 d6 3. d4 cxd4 4. Nxd4 Nf6 5. Nc3 a6 6. Be2 e5 7. Nb3 Be6 8. a4
b6 9. O-O Qc7 10. f4 exf4 11. Bxf4 Nbd7 12. Kh1 Be7 13. Nd5 Bxd5 14. exd5 Ne5
15. c4 Nfd7 16. Nd4 Rc8 17. Rc1 Qb8 18. b3 O-O 19. Bg4 Rce8 20. Bf5 Nf6 21. Rc3
Ng6 22. Bg3 Qc7 23. Re1 Nxd5 24. Rd3 Nb4 25. Rde3 Ne5 26. Bxe5 dxe5 27. Bxh7+
Kxh7 28. Qh5+ Kg8 29. Rh3 Bh4 30. Rxh4 f6 31. Nf5 g5 32. Qg6+ 1-0

[Event "Madrid ch 2017-2018 Veteranos"]
[Site "Madrid ESP"]
[Date "2018.01.10"]
[Round "3.22"]
[White "San Segundo Ortiz, Fernando"]
[Black "Infante Martin, Alonso"]
[Result "1-0"]
[WhiteElo "1692"]
[BlackElo "1345"]
[PlyCount "37"]
[EventDate "2018.01.08"]
[EventType "swiss"]
[EventRounds "9"]
[EventCountry "ESP"]
[SourceTitle "Ajedrez en Madrid"]
[Source "lmi"]
[SourceDate "2018.01.08"]
[SourceVersion "1"]
[SourceVersionDate "2018.01.25"]
[SourceQuality "1"]

1. d4 d5 2. Nf3 e6 3. e3 c6 4. b3 Nf6 5. Bb2 Bd6 6. Nbd2 Nbd7 7. Bd3 Qe7 8. O-O
h6 9. Ne5 Nf8 10. a4 N8d7 11. f4 g6 12. Bxg6 Bxe5 13. fxe5 Ng8 14. Bh5 Nf8 15.
Qg4 Ng6 16. g3 c5 17. Bxg6 fxg6 18. Qxg6+ Kd8 19. Ba3 1-0

[Event "Madrid ch 2017-2018 Veteranos"]
[Site "Madrid ESP"]
[Date "2018.01.10"]
[Round "3.23"]
[White "Osuna Osuna, Francisco"]
[Black "Calderon Martin, Antonio"]
[Result "1-0"]
[WhiteElo "1537"]
[BlackElo "1665"]
[PlyCount "69"]
[EventDate "2018.01.08"]
[EventType "swiss"]
[EventRounds "9"]
[EventCountry "ESP"]
[SourceTitle "Ajedrez en Madrid"]
[Source "lmi"]
[SourceDate "2018.01.08"]
[SourceVersion "1"]
[SourceVersionDate "2018.01.25"]
[SourceQuality "1"]

1. e4 d5 2. exd5 Nf6 3. d4 Bg4 4. f3 Bh5 5. Bb5+ Nbd7 6. c4 a6 7. Ba4 b5 8.
cxb5 axb5 9. Bxb5 Nxd5 10. Bc6 N5b6 11. Bxa8 Qxa8 12. Nc3 e6 13. Nb5 Qa5+ 14.
Nc3 Bb4 15. Bd2 O-O 16. Nge2 e5 17. a3 Bxc3 18. Bxc3 Qa6 19. dxe5 Re8 20. O-O
f6 21. Ng3 Bg6 22. exf6 Nxf6 23. Bxf6 gxf6 24. Re1 Rf8 25. Qe2 Qa7 26. Kh1 Nd5
27. Ne4 Qb6 28. b4 Re8 29. Qd2 Bf7 30. g4 Qb7 31. Nxf6+ Nxf6 32. Qg5+ Kf8 33.
Qxf6 Qb5 34. Rxe8+ Qxe8 35. Rd1 1-0

[Event "Madrid ch 2017-2018 Veteranos"]
[Site "Madrid ESP"]
[Date "2018.01.10"]
[Round "3.24"]
[White "Marivela Santos, Juan Carlos"]
[Black "Abad Martin-Camuñas, Luis"]
[Result "1-0"]
[WhiteElo "1714"]
[BlackElo "1408"]
[PlyCount "51"]
[EventDate "2018.01.08"]
[EventType "swiss"]
[EventRounds "9"]
[EventCountry "ESP"]
[SourceTitle "Ajedrez en Madrid"]
[Source "lmi"]
[SourceDate "2018.01.08"]
[SourceVersion "1"]
[SourceVersionDate "2018.01.25"]
[SourceQuality "1"]

1. c4 c6 2. Nc3 d5 3. e3 Bf5 4. d4 Nf6 5. Nf3 h6 6. Bd3 Bxd3 7. Qxd3 e6 8. b3
Bb4 9. O-O O-O 10. Bb2 Nbd7 11. a3 Bd6 12. cxd5 exd5 13. Rfc1 Re8 14. b4 Rc8
15. b5 Nb6 16. bxc6 bxc6 17. Rc2 Nc4 18. Nd2 Ng4 19. Nxc4 Bxh2+ 20. Kf1 Qf6 21.
Ne5 Nxe5 22. dxe5 Rxe5 23. Nd1 d4 24. Bxd4 Qd6 25. Qa6 Ree8 26. Rac1 1-0

[Event "Madrid ch 2017-2018 Veteranos"]
[Site "Madrid ESP"]
[Date "2018.01.10"]
[Round "3.25"]
[White "Sierra Garcia, Ricardo"]
[Black "Peña Marina, Jose Maria"]
[Result "0-1"]
[WhiteElo "1343"]
[BlackElo "1705"]
[PlyCount "86"]
[EventDate "2018.01.08"]
[EventType "swiss"]
[EventRounds "9"]
[EventCountry "ESP"]
[SourceTitle "Ajedrez en Madrid"]
[Source "lmi"]
[SourceDate "2018.01.08"]
[SourceVersion "1"]
[SourceVersionDate "2018.01.25"]
[SourceQuality "1"]

1. e4 e6 2. d4 d5 3. Nc3 Bb4 4. e5 c5 5. a3 cxd4 6. Qxd4 Nc6 7. Bb5 Bxc3+ 8.
Qxc3 Bd7 9. Nf3 Rc8 10. Qd2 Nxe5 11. Bxd7+ Nxd7 12. Ng5 Ngf6 13. O-O O-O 14. f4
Qb6+ 15. Qf2 Qxf2+ 16. Rxf2 h6 17. Nf3 Ne4 18. Re2 Ndf6 19. Be3 b6 20. Bd4 Nd7
21. Rc1 f5 22. c3 Rc6 23. b4 Rfc8 24. Rec2 Kf7 25. Nd2 Nxd2 26. Rxd2 Rc4 27.
Rdc2 Nf6 28. Kf1 Ne4 29. Ke2 Nd6 30. Kd3 Nb5 31. a4 Nxd4 32. cxd4 Rxc2 33. Rxc2
Rxc2 34. Kxc2 g5 35. g3 gxf4 36. gxf4 Kg6 37. Kd3 Kh5 38. Ke2 Kg4 39. Ke3 Kh3
40. Kf3 Kxh2 41. Kf2 Kh3 42. Kf3 a6 43. Kf2 Kg4 0-1

[Event "Madrid ch 2017-2018 Veteranos"]
[Site "Madrid ESP"]
[Date "2018.01.10"]
[Round "3.26"]
[White "Martin Rodriguez, Jose Luis"]
[Black "Villodre Miranda, Juan Alonso"]
[Result "0-1"]
[WhiteElo "1302"]
[BlackElo "1542"]
[PlyCount "58"]
[EventDate "2018.01.08"]
[EventType "swiss"]
[EventRounds "9"]
[EventCountry "ESP"]
[SourceTitle "Ajedrez en Madrid"]
[Source "lmi"]
[SourceDate "2018.01.08"]
[SourceVersion "1"]
[SourceVersionDate "2018.01.25"]
[SourceQuality "1"]

1. c4 c5 2. Nc3 e5 3. g3 g6 4. Bg2 Bg7 5. d3 d6 6. Nf3 h6 7. Qb3 Nc6 8. e3 Nge7
9. a3 O-O 10. Nd5 Nxd5 11. cxd5 Ne7 12. e4 b6 13. Bd2 Kh7 14. O-O-O Bd7 15. Kb1
a5 16. a4 Qe8 17. Rc1 Bxa4 18. Qa3 Bd7 19. h4 a4 20. Bh3 f5 21. Rcf1 b5 22. b4
axb3 23. Qxb3 b4 24. Qc2 fxe4 25. Bxd7 exd3 26. Qxd3 Qxd7 27. h5 Ra1+ 28. Kc2
Qa4+ 29. Qb3 Ra2+ 0-1

[Event "Madrid ch 2017-2018 Veteranos"]
[Site "Madrid ESP"]
[Date "2018.01.10"]
[Round "3.27"]
[White "Perez Ramos, Miguel Angel"]
[Black "Ghavami, Mahmoud"]
[Result "1-0"]
[WhiteElo "1145"]
[BlackElo "1516"]
[PlyCount "151"]
[EventDate "2018.01.08"]
[EventType "swiss"]
[EventRounds "9"]
[EventCountry "ESP"]
[SourceTitle "Ajedrez en Madrid"]
[Source "lmi"]
[SourceDate "2018.01.08"]
[SourceVersion "1"]
[SourceVersionDate "2018.01.25"]
[SourceQuality "1"]

1. e4 e6 2. Nf3 c5 3. c3 Nc6 4. Be2 Qc7 5. d4 d5 6. e5 Qb6 7. b3 Bd7 8. Bf4
cxd4 9. cxd4 Bb4+ 10. Bd2 Nxd4 11. O-O Nxe2+ 12. Qxe2 Bb5 13. Qe3 Bc5 14. Qe1
Bxf1 15. Qxf1 Ne7 16. Nc3 Qd8 17. Qb5+ Qd7 18. Qxc5 O-O 19. Qb5 Nc6 20. Qf1 a6
21. Na4 Rad8 22. Nc5 Qe7 23. Nd3 h6 24. a3 Rfe8 25. Bb4 Nxb4 26. Nxb4 Rc8 27.
Nd4 Rc3 28. Nbc2 Rec8 29. Ra2 Qg5 30. Qe1 h5 31. Qe2 h4 32. f3 Qe7 33. b4 R8c4
34. h3 Qc7 35. f4 Qb6 36. Kh2 Qc7 37. Rb2 b5 38. Qd2 g6 39. Kg1 Qb6 40. Kf1 Qc7
41. Ke1 Qa7 42. Kd1 Rg3 43. Rb3 Rxb3 44. Nxb3 Qg1+ 45. Ne1 Qf1 46. Qd3 Qxf4 47.
Qd2 Qxe5 48. Nf3 Qf5 49. Nbd4 Qf6 50. Nc2 Kg7 51. Ne3 Qf4 52. Nxc4 Qxd2+ 53.
Ncxd2 Kf6 54. Nxh4 Kg5 55. Nhf3+ Kf4 56. Ke1 f6 57. Kf2 e5 58. g3+ Kf5 59. Nh4+
Kg5 60. Ndf3+ Kh5 61. g4+ Kh6 62. Kg3 Kg7 63. g5 fxg5 64. Nxg5 Kf6 65. Ngf3 g5
66. Ng2 e4 67. Nd4 Ke5 68. Nc6+ Kd6 69. Na5 Ke5 70. Kg4 Kf6 71. Nb3 Ke5 72.
Kxg5 d4 73. h4 e3 74. Nf4 Ke4 75. Nc1 Kf3 76. h5 1-0

[Event "Madrid ch 2017-2018 Veteranos"]
[Site "Madrid ESP"]
[Date "2018.01.10"]
[Round "3.28"]
[White "Prieto Gonzalez, Cesar"]
[Black "Perales Hernandez, Manuel"]
[Result "0-1"]
[WhiteElo "1515"]
[BlackElo "1302"]
[PlyCount "78"]
[EventDate "2018.01.08"]
[EventType "swiss"]
[EventRounds "9"]
[EventCountry "ESP"]
[SourceTitle "Ajedrez en Madrid"]
[Source "lmi"]
[SourceDate "2018.01.08"]
[SourceVersion "1"]
[SourceVersionDate "2018.01.25"]
[SourceQuality "1"]

1. e4 e5 2. Nf3 Nf6 3. Nc3 d6 4. h3 a6 5. Bc4 h6 6. d3 Bd7 7. Be3 c5 8. a3 Be7
9. Ne2 Qc7 10. Ng3 b5 11. Ba2 Bc6 12. Nf5 Rg8 13. O-O c4 14. Re1 a5 15. Nd2 d5
16. Nxe7 Kxe7 17. exd5 Bxd5 18. dxc4 bxc4 19. c3 Qb7 20. Bc5+ Kd8 21. Nxc4 Nbd7
22. Nd6 Qc6 23. Bxd5 Nxd5 24. c4 Nf4 25. Qf3 Qxf3 26. gxf3 Nd3 27. Red1 N3xc5
28. Rd5 Ke7 29. Rad1 g6 30. b4 axb4 31. axb4 Nb3 32. c5 Ra1 33. c6 Rxd1+ 34.
Rxd1 Nb6 35. b5 Nd4 36. Ne4 Rd8 37. Rb1 Nxf3+ 38. Kg2 Nd4 39. Nc5 Rd5 0-1

[Event "Madrid ch 2017-2018 Veteranos"]
[Site "Madrid ESP"]
[Date "2018.01.11"]
[Round "4.1"]
[White "Elissalt Cardenas, Hector"]
[Black "Nuñez Muñoz, Jesus"]
[Result "1-0"]
[WhiteElo "2346"]
[BlackElo "2182"]
[PlyCount "165"]
[EventDate "2018.01.08"]
[EventType "swiss"]
[EventRounds "9"]
[EventCountry "ESP"]
[SourceTitle "Ajedrez en Madrid"]
[Source "lmi"]
[SourceDate "2018.01.08"]
[SourceVersion "1"]
[SourceVersionDate "2018.01.25"]
[SourceQuality "1"]

1. c4 Nf6 2. Nc3 c5 3. g3 g6 4. Bg2 Bg7 5. e4 Nc6 6. Nge2 O-O 7. d3 d6 8. a3
Bd7 9. Rb1 Ne8 10. b4 Rb8 11. O-O Nc7 12. f4 Ne6 13. Be3 Ned4 14. b5 Nxe2+ 15.
Nxe2 Nd4 16. Nxd4 cxd4 17. Bd2 a6 18. a4 a5 19. f5 b6 20. Qg4 Kh8 21. Qh4 Bf6
22. Bg5 Bxg5 23. Qxg5 f6 24. Qf4 Qc7 25. fxg6 Rg8 26. gxh7 Rg7 27. Qd2 Rxh7 28.
Rf4 Rg8 29. Rbf1 Qc5 30. Bf3 Bh3 31. Rf2 Qg5 32. Bg2 Bd7 33. R4f3 Qh5 34. Bf1
Bg4 35. Rf4 Qe5 36. Be2 Bd7 37. Bd1 Rg5 38. g4 Rh4 39. Rg2 Rg7 40. Qf2 Qg5 41.
Be2 Rh6 42. Qg3 Rh4 43. h3 Rgh7 44. Rh2 R7h6 45. Rff2 Qc1+ 46. Rf1 Qg5 47. Rff2
Qc1+ 48. Bf1 Qg5 49. Qf4 Qxf4 50. Rxf4 Kg7 51. Rhf2 Kg6 52. Kh2 Kg5 53. Kg3 Rh8
54. R2f3 R8h7 55. Rf5+ Kg6 56. Rd5 Bc8 57. Rxd4 Be6 58. Bg2 Rh8 59. Rd5 Bxd5
60. exd5 Kg7 61. Bf1 R4h6 62. d4 Rc8 63. h4 Rhh8 64. Bd3 Rhf8 65. Re3 Rc7 66.
Kf4 Kf7 67. Re2 Rfc8 68. Rc2 Rh8 69. h5 Rg8 70. h6 Rh8 71. Rh2 Rcc8 72. h7 Kg7
73. Kf5 Kf7 74. g5 fxg5 75. Kxg5 Kg7 76. Re2 Rc7 77. Rg2 Rcc8 78. Kh5+ Kf7 79.
Kh6 Rxh7+ 80. Kxh7 Kf6 81. Rf2+ Kg5 82. Kg7 Rc7 83. Kf8 1-0

[Event "Madrid ch 2017-2018 Veteranos"]
[Site "Madrid ESP"]
[Date "2018.01.11"]
[Round "4.2"]
[White "Pastor Alonso De Prado, Alberto"]
[Black "Lopez de Turiso, Jose Angel"]
[Result "1/2-1/2"]
[WhiteElo "2190"]
[BlackElo "2020"]
[PlyCount "103"]
[EventDate "2018.01.08"]
[EventType "swiss"]
[EventRounds "9"]
[EventCountry "ESP"]
[SourceTitle "Ajedrez en Madrid"]
[Source "lmi"]
[SourceDate "2018.01.08"]
[SourceVersion "1"]
[SourceVersionDate "2018.01.25"]
[SourceQuality "1"]

1. e4 d5 2. exd5 Nf6 3. Nf3 Bg4 4. d4 Qxd5 5. Be2 Nc6 6. Nc3 Qh5 7. Bf4 O-O-O
8. Qd3 Qf5 9. Qxf5+ Bxf5 10. O-O-O e6 11. Ne5 Nxe5 12. Bxe5 Ne4 13. Nxe4 Bxe4
14. f3 Bc6 15. Rhe1 Rg8 16. Bd3 h6 17. Bh7 Rh8 18. Be4 Bd5 19. Kb1 Rg8 20. Bh7
Rh8 21. Bd3 Rg8 22. c4 Bc6 23. Bh7 Rh8 24. Bc2 Rg8 25. Re2 Bd6 26. Bxd6 Rxd6
27. Red2 Rgd8 28. b4 b6 29. Kb2 Bb7 30. Kc3 Re8 31. c5 bxc5 32. dxc5 Rxd2 33.
Rxd2 Rd8 34. Bd3 Rd5 35. f4 Kd8 36. Rf2 Kc8 37. Kc4 Ba6+ 38. b5 Bxb5+ 39. Kxb5
Rxd3 40. f5 exf5 41. Rxf5 f6 42. Rf2 Re3 43. Rd2 Re5 44. Kc4 c6 45. Kb4 Kc7 46.
Kc4 Re4+ 47. Kc3 Re5 48. Kc4 Rh5 49. Re2 Kd7 50. Rd2+ Kc7 51. Re2 Re5 52. Rd2
1/2-1/2

[Event "Madrid ch 2017-2018 Veteranos"]
[Site "Madrid ESP"]
[Date "2018.01.11"]
[Round "4.3"]
[White "Casares Ripoll, Fernando"]
[Black "Garcia Martin, Esteban"]
[Result "1-0"]
[WhiteElo "2110"]
[BlackElo "1886"]
[PlyCount "91"]
[EventDate "2018.01.08"]
[EventType "swiss"]
[EventRounds "9"]
[EventCountry "ESP"]
[SourceTitle "Ajedrez en Madrid"]
[Source "lmi"]
[SourceDate "2018.01.08"]
[SourceVersion "1"]
[SourceVersionDate "2018.01.25"]
[SourceQuality "1"]

1. d4 Nf6 2. Bg5 Ne4 3. Bf4 d5 4. f3 Nf6 5. Nd2 c5 6. c3 Bf5 7. Qb3 Qd7 8. Bxb8
Rxb8 9. e4 c4 10. Nxc4 dxc4 11. Bxc4 Be6 12. d5 Bxd5 13. exd5 Qd6 14. Qa4+ Nd7
15. Qxa7 b5 16. Be2 Qxd5 17. Rd1 Qb7 18. Qxb7 Rxb7 19. Rd5 b4 20. Ba6 Ra7 21.
Bb5 bxc3 22. bxc3 e6 23. Rxd7 Rxd7 24. Nh3 Bd6 25. Ng5 Ke7 26. Bxd7 Kxd7 27.
Nxf7 Ra8 28. Nxd6 Kxd6 29. O-O Rxa2 30. Rc1 g5 31. c4 h5 32. h4 gxh4 33. Kh2
Rd2 34. c5+ Kc6 35. Rc4 Rd5 36. Re4 Kxc5 37. Rxe6 Rg5 38. Re4 Kd5 39. Rxh4 Ke6
40. Rf4 Ke7 41. Kh3 Ra5 42. g3 Rb5 43. Kh4 Ra5 44. Rb4 Kf7 45. f4 Kg6 46. Rb6+
1-0

[Event "Madrid ch 2017-2018 Veteranos"]
[Site "Madrid ESP"]
[Date "2018.01.11"]
[Round "4.4"]
[White "Camarero Izquierdo, Juan Carlos"]
[Black "Sanchez Garcia, Aurelio"]
[Result "1/2-1/2"]
[WhiteElo "1868"]
[BlackElo "2091"]
[PlyCount "100"]
[EventDate "2018.01.08"]
[EventType "swiss"]
[EventRounds "9"]
[EventCountry "ESP"]
[SourceTitle "Ajedrez en Madrid"]
[Source "lmi"]
[SourceDate "2018.01.08"]
[SourceVersion "1"]
[SourceVersionDate "2018.01.25"]
[SourceQuality "1"]

1. d4 d6 2. Nc3 g6 3. e4 Bg7 4. Be3 a6 5. Qd2 b5 6. Bd3 Bb7 7. h4 Nf6 8. f3 h5
9. Nh3 Nbd7 10. Ng5 c5 11. dxc5 dxc5 12. O-O-O Qa5 13. f4 e5 14. fxe5 Nxe5 15.
Be2 O-O 16. Bf4 Nfg4 17. Bxg4 Nxg4 18. Qd7 Qb6 19. Rd6 Rad8 20. Qxf7+ Rxf7 21.
Rxb6 Rxf4 22. Rxb7 Bxc3 23. bxc3 Rd6 24. Re1 Ne5 25. g3 Rf2 26. Rd1 Rxd1+ 27.
Kxd1 Rg2 28. Rb8+ Kg7 29. Ne6+ Kf7 30. Nxc5 Rxg3 31. Nxa6 Rg4 32. Rxb5 Rxe4 33.
Rb4 Nc4 34. Nc5 Rxh4 35. a4 Rh1+ 36. Ke2 Ne5 37. Rf4+ Ke7 38. a5 Ra1 39. Ra4
Rxa4 40. Nxa4 Kd6 41. Nb2 Kc6 42. Nd3 Nd7 43. Nf4 Kb5 44. Nxg6 Kxa5 45. Nf4 Nf6
46. Kf3 Kb5 47. Ne2 Kc4 48. Kf4 Nd5+ 49. Kg5 Nxc3 50. Nc1 Nb5 1/2-1/2